00376nam a2200109Ia 4500008004100000100002200041245007900063245002200142260000900164650001300173856008000186170221s9999 xx 000 0 und d aLarry D. Phillips aEmpowerment and Coworker Response to Leader Tactic and Organizational Hope cLarry D. Phillips c2014 xBusiness uhttp://www.regent.edu/acad/global/publications/elj/vol8iss1/1ELJ-Sawyer.pdf